| 000 | 00734nam a2200217 a 4500 | ||
|---|---|---|---|
| 001 | BRCA_3879 | ||
| 005 | 20190320204447.0 | ||
| 008 | 271209s1849----gw-#######---#000-0#ger-# | ||
| 041 | _ager | ||
| 044 | _agw | ||
| 050 | 4 |
_aE405.1 _b.Z57 1849 |
|
| 100 | 1 |
_aZirckel, Otto. _910097 |
|
| 245 | 1 | 0 |
_aTagebuch geschrieben während der nordamerikanisch-mexikanischen Campagne in den Jahren 1847 und 1848 aus beiden Operationslinien _cvon Otto Zirckel. |
| 260 |
_aHalle, Alemania _bSchmidt _c1849 |
||
| 300 |
_a179 p. _c23 cm. |
||
| 500 | _aC38 | ||
| 651 | 4 |
_aMéxico _vHistoria _yGuerra con Estados Unidos, 1845-1848. _910098 |
|
| 651 | 4 |
_aEstados Unidos _vHistoria _yGuerra con México, 1845-1848. _910099 |
|
| 902 | _aGFM | ||
| 942 |
_2lcc _cB |
||
| 999 |
_c3607 _d3607 |
||